000 00569cam a2200205 4500
001 D880
008 090401t1977 xxu||||| |||| 00| 0 eng d
035 _a(Sirsi) u48691
041 _aeng
050 _a621.45
100 _aAllen, J.
245 4 _aThe prospects for the generation of electricity from wind energy in the United Kingdom: a report prepared for the Department of Energy
260 _aLondon
_bHMSO
_c1977
300 _aviii. 67p. 25cm
350 _a2.25
490 _aEnergy Paper
_v21
700 _aBird, R.A.
942 _n0
948 _c04/03/1997
999 _c92388
_d92388